[Event "Titled Tuesday intern op 03rd Jan Late"]
[Site "Chess.com INT"]
[Date "2025.06.03"]
[Round "1"]
[White "Chen, Yidong"]
[Black "Serban, Cristian Stefan"]
[Result "0-1"]
[WhiteElo "2038"]
[BlackElo "2332"]
[PlyCount "138"]
[EventDate "2025.06.03"]
[EventType "swiss (blitz)"]
[EventRounds "11"]
[EventCountry "USA"]
[SourceTitle "CB24_2025"]
[SourceDate "2025.06.11"]
[SourceVersion "1"]
[SourceVersionDate "2025.06.11"]
[SourceQuality "1"]

1. e4 g6 2. d4 Bg7 3. Nc3 d6 4. Be3 c6 5. a4 Nd7 6. Bc4 Ngf6 7. f3 0-0 8. Bb3 c5 9. Nge2 cxd4 10. Nxd4 Nc5 11. Qd2 Nxb3 12. Nxb3 h5 13. Bh6 Bd7 14. h4 Rc8 15. 0-0-0 Qb6 16. g4 Bxa4 17. Bxg7 Kxg7 18. Nd4 Bd7 19. Kb1 Rc5 20. g5 Nh7 21. Nd5 Qd8 22. Nb3 Rc8 23. Qd4+ Kg8 24. Qxa7 Bc6 25. Qd4 Re8 26. Rhf1 Nf8 27. f4 Ne6 28. Qe3 Bxd5 29. Rxd5 Qc7 30. Rd2 Qc4 31. Rdf2 Nc5 32. Nxc5 Rxc5 33. f5 Ra8 34. fxg6 fxg6 35. Qb3 Qxb3 36. cxb3 Re5 37. Rf4 Rc8 38. Rc1 Rxc1+ 39. Kxc1 Kg7 40. Kd2 Rb5 41. Kc3 Rc5+ 42. Kd2 Rb5 43. Kc3 Rc5+ 44. Kd2 Ra5 45. Rf1 Rb5 46. Kc3 Rc5+ 47. Kd2 Re5 48. Kd3 Rb5 49. Kc3 Rb6 50. Ra1 Kf7 51. Rf1+ Ke6 52. Rf8 Ke5 53. Rg8 d5 54. exd5 Kxd5 55. Rd8+ Ke4 56. Re8 e5 57. Rf8 Rc6+ 58. Kd2 Rd6+ 59. Kc3 Rc6+ 60. Kd2 Kd5 61. Rf6 Rxf6 62. gxf6 Ke6 63. Ke3 Kxf6 64. Ke4 g5 65. hxg5+ Kxg5 66. b4 h4 67. Kf3 Kf5 68. b5 e4+ 69. Kg2 Kf4 0-1

[Event "Titled Tuesday intern op 03rd Jan Late"]
[Site "Chess.com INT"]
[Date "2025.06.03"]
[Round "6"]
[White "Garcia Almaguer, Juan Manuel"]
[Black "Serban, Cristian Stefan"]
[Result "0-1"]
[WhiteElo "2142"]
[BlackElo "2332"]
[PlyCount "84"]
[EventDate "2025.06.03"]
[EventType "swiss (blitz)"]
[EventRounds "11"]
[EventCountry "USA"]
[SourceTitle "CB24_2025"]
[SourceDate "2025.06.11"]
[SourceVersion "1"]
[SourceVersionDate "2025.06.11"]
[SourceQuality "1"]

1. e4 g6 2. Nf3 Bg7 3. Bc4 c6 4. Bb3 d5 5. Nc3 d4 6. Ne2 c5 7. d3 Nc6 8. a3 Nf6 9. Ng5 0-0 10. f4 h6 11. Nf3 Bg4 12. 0-0 b5 13. h3 Bxf3 14. Rxf3 c4 15. Ba2 Qb6 16. Bd2 Rac8 17. Qf1 Nxe4 18. dxe4 d3+ 19. Be3 dxe2 20. Qxe2 Nd4 21. Qf2 Nxf3+ 22. gxf3 Qf6 23. c3 a6 24. Kh2 Rfd8 25. Rg1 Rd3 26. Bb1 Rd7 27. f5 Rcd8 28. fxg6 fxg6 29. Bd4 Qf4+ 30. Kh1 g5 31. Be3 Rd2 32. Qxd2 Rxd2 33. Bxf4 gxf4 34. e5 Kf8 35. e6 Rxb2 36. Bg6 Bxc3 37. Bf7 Bg7 38. Rd1 Bf6 39. Rd8+ Kg7 40. Rg8+ Kh7 41. Rg4 Bg7 42. Rxf4 c3 0-1

[Event "Titled Tuesday intern op 03rd Jan Late"]
[Site "Chess.com INT"]
[Date "2025.06.03"]
[Round "8"]
[White "Lyakh, Vasiliy"]
[Black "Serban, Cristian Stefan"]
[Result "1-0"]
[WhiteElo "2116"]
[BlackElo "2332"]
[PlyCount "41"]
[EventDate "2025.06.03"]
[EventType "swiss (blitz)"]
[EventRounds "11"]
[EventCountry "USA"]
[SourceTitle "CB24_2025"]
[SourceDate "2025.06.11"]
[SourceVersion "1"]
[SourceVersionDate "2025.06.11"]
[SourceQuality "1"]

1. d4 g6 2. e4 Bg7 3. Nc3 d6 4. Nf3 Nf6 5. Be3 Nc6 6. Qd2 0-0 7. 0-0-0 a6 8. d5 Ne5 9. Nxe5 dxe5 10. h4 h5 11. f3 e6 12. d6 cxd6 13. Qxd6 Qa5 14. Bb6 Ne8 15. Qxf8+ Bxf8 16. Bxa5 Bc5 17. Na4 Be3+ 18. Kb1 b5 19. Nb6 Rb8 20. Rd8 Bxb6 21. Bxb6 1-0

[Event "Titled Tuesday intern op 03rd Jan Late"]
[Site "Chess.com INT"]
[Date "2025.06.03"]
[Round "2"]
[White "Serban, Cristian Stefan"]
[Black "Lazavik, Denis"]
[Result "0-1"]
[WhiteElo "2332"]
[BlackElo "2577"]
[PlyCount "52"]
[EventDate "2025.06.03"]
[EventType "swiss (blitz)"]
[EventRounds "11"]
[EventCountry "USA"]
[SourceTitle "CB24_2025"]
[SourceDate "2025.06.11"]
[SourceVersion "1"]
[SourceVersionDate "2025.06.11"]
[SourceQuality "1"]

1. d4 d5 2. c4 c6 3. Nf3 Nf6 4. e3 Bg4 5. Nc3 e6 6. h3 Bh5 7. Be2 Nbd7 8. 0-0 Bd6 9. b3 0-0 10. Bb2 Ne4 11. Nxe4 dxe4 12. Ne5 Bxe2 13. Qxe2 Bxe5 14. dxe5 Qg5 15. Qc2 Nc5 16. Ba3 Qxe5 17. Bxc5 Qxc5 18. Qxe4 Rfd8 19. Rfd1 Rd6 20. Qc2 Rad8 21. a3 g6 22. b4 Qe5 23. Rac1 h5 24. Kf1 Qh2 25. Rxd6 Rxd6 26. Qe4 Qh1+ 0-1

[Event "Titled Tuesday intern op 03rd Jan Late"]
[Site "Chess.com INT"]
[Date "2025.06.03"]
[Round "7"]
[White "Serban, Cristian Stefan"]
[Black "Rustemov, Alexander"]
[Result "0-1"]
[WhiteElo "2332"]
[BlackElo "2525"]
[PlyCount "73"]
[EventDate "2025.06.03"]
[EventType "swiss (blitz)"]
[EventRounds "11"]
[EventCountry "USA"]
[SourceTitle "CB24_2025"]
[SourceDate "2025.06.11"]
[SourceVersion "1"]
[SourceVersionDate "2025.06.11"]
[SourceQuality "1"]

1. d4 g6 2. e4 Bg7 3. Nf3 d6 4. Bc4 c6 5. Nc3 b5 6. Bb3 a5 7. a4 b4 8. Ne2 d5 9. 0-0 Nf6 10. e5 Ng8 11. Nf4 e6 12. Nd3 Nd7 13. Bg5 Ne7 14. Qd2 h6 15. Be3 Ba6 16. Rfc1 Nf5 17. c3 bxc3 18. bxc3 0-0 19. Rab1 Rb8 20. Bc2 Qe7 21. h3 Rfc8 22. g4 Nxe3 23. Qxe3 Rxb1 24. Rxb1 c5 25. Bd1 cxd4 26. cxd4 Qa3 27. Rb3 Qxa4 28. Kg2 Bc4 29. Rb1 Qa3 30. Nfe1 Rb8 31. Rxb8+ Nxb8 32. Qd2 Nc6 33. Nc5 Qb4 34. Qe3 Nxd4 35. Qxd4 Qxe1 36. Bf3 Bxe5 37. Qe3 0-1

[Event "Bucharest ROM GP"]
[Site "Bucharest"]
[Date "2025.05.11"]
[Round "8"]
[White "Serban, Cristian Stefan"]
[Black "Vasilache, Dan Andrei"]
[Result "1/2-1/2"]
[WhiteElo "2332"]
[BlackElo "1886"]
[PlyCount "181"]
[EventDate "2025.05.10"]
[EventType "swiss"]
[EventRounds "10"]
[EventCountry "ROU"]
[SourceTitle "CB20_2025"]
[SourceDate "2025.05.14"]
[SourceVersion "1"]
[SourceVersionDate "2025.05.14"]
[SourceQuality "1"]

1. d4 d5 2. c4 c6 3. Nf3 Nf6 4. e3 Bf5 5. Nc3 e6 6. Nh4 Bg6 7. Qb3 Qb6 8. Bd2 Nbd7 9. Nxg6 hxg6 10. cxd5 exd5 11. Bd3 Bd6 12. h3 0-0-0 13. 0-0-0 Qxb3 14. axb3 Kb8 15. Kc2 Rde8 16. f3 Bb4 17. Rhe1 c5 18. Bb5 cxd4 19. exd4 Kc7 20. Bg5 Rxe1 21. Rxe1 a6 22. Bd3 Bd6 23. Ne2 Re8 24. Rc1 Kb8 25. Kd1 Rc8 26. Rxc8+ Kxc8 27. g4 Nf8 28. Bf4 Kd7 29. Be5 Ne8 30. Kd2 f6 31. Bf4 g5 32. Be3 Kc6 33. f4 gxf4 34. Nxf4 Bxf4 35. Bxf4 Ne6 36. Be3 Nd6 37. Bg6 Nf8 38. Bc2 Ne6 39. h4 Ne4+ 40. Ke2 Nd6 41. h5 Ng5 42. Bg6 Kb5 43. Kd3 Kc6 44. Bf4 Nge4 45. Ke3 Kd7 46. h6 gxh6 47. Bxh6 Ke7 48. Bf4 Ke6 49. Bh7 Kf7 50. Bxd6 Nxd6 51. Bd3 Nc8 52. Kf4 Ne7 53. Be2 Nc6 54. Ke3 Ke6 55. Bd3 Ne7 56. Kf4 Nc6 57. Bf5+ Kd6 58. Ke3 Ne7 59. Bd3 Nc6 60. Bg6 Na5 61. Bc2 Nc6 62. Bd1 Ke6 63. Bf3 Kd6 64. Kd3 Ke6 65. Kc3 Kd6 66. Be2 Ne7 67. Bd3 Ng8 68. b4 Nh6 69. Be2 Nf7 70. b5 axb5 71. Bxb5 Kc7 72. Bf1 Ng5 73. Bg2 Kc6 74. Kd3 Kd6 75. Ke3 Ne6 76. Bf1 b6 77. Bd3 Kc6 78. Bg6 Kd6 79. Bf5 Nc7 80. Bc8 Ke7 81. Bb7 Kd6 82. Bc8 Ke7 83. Bf5 Kd6 84. Bd3 Ne6 85. Bh7 Kc6 86. Bg8 Nc7 87. Kd3 Kd6 88. Bh7 Ne6 89. Bf5 Nc7 90. Ke3 Kc6 91. Bd3 1/2-1/2

[Event "Titled Tuesday intern op 18th Mar Late"]
[Site "Chess.com INT"]
[Date "2025.03.18"]
[Round "3"]
[White "Shandrygin, Nikita"]
[Black "Serban, Cristian Stefan"]
[Result "1-0"]
[WhiteElo "2209"]
[BlackElo "2332"]
[PlyCount "91"]
[EventDate "2025.03.18"]
[EventType "swiss (blitz)"]
[EventRounds "11"]
[EventCountry "USA"]
[SourceTitle "CB13_2025"]
[SourceDate "2025.03.26"]
[SourceVersion "1"]
[SourceVersionDate "2025.03.26"]
[SourceQuality "1"]

1. Nf3 d5 2. g3 Nf6 3. d4 c5 4. Bg2 cxd4 5. 0-0 h6 6. b3 e6 7. Bb2 Bc5 8. Nxd4 Nc6 9. c4 Nxd4 10. Bxd4 Bxd4 11. Qxd4 dxc4 12. Qxd8+ Kxd8 13. Rd1+ Ke7 14. bxc4 Rb8 15. Nc3 Bd7 16. Rab1 Bc6 17. Nb5 Bxg2 18. Kxg2 a6 19. Na3 Rhc8 20. Rd3 Nd7 21. Rdb3 Nc5 22. Rb6 Rc7 23. Nc2 Rd8 24. Ne3 Rd2 25. R6b2 Rd4 26. f3 Kd8 27. Kf2 Kc8 28. Rc1 Na4 29. Rbc2 Rc5 30. Nf1 Nb6 31. Nd2 Rc7 32. c5 Nd5 33. Ne4 Nb4 34. Rb2 f5 35. Nd2 Nc6 36. Nc4 Kb8 37. Ke3 Rd5 38. Nb6 Re5+ 39. Kf2 Na5 40. Rbc2 Ka7 41. e4 fxe4 42. f4 e3+ 43. Kf3 Rf5 44. Kxe3 e5 45. Ke4 g6 46. Nd5 1-0

[Event "Titled Tuesday intern op 11th Mar Late"]
[Site "Chess.com INT"]
[Date "2025.03.11"]
[Round "10"]
[White "Chen, Ryo"]
[Black "Serban, Cristian Stefan"]
[Result "0-1"]
[WhiteElo "2419"]
[BlackElo "2332"]
[PlyCount "92"]
[EventDate "2025.03.11"]
[EventType "swiss (blitz)"]
[EventRounds "11"]
[EventCountry "USA"]
[SourceTitle "CB12_2025"]
[SourceDate "2025.03.19"]
[SourceVersion "1"]
[SourceVersionDate "2025.03.19"]
[SourceQuality "1"]

1. e4 c6 2. Nf3 d5 3. d3 dxe4 4. dxe4 Qxd1+ 5. Kxd1 Nf6 6. Nfd2 h5 7. f3 g5 8. a4 a5 9. Nc4 Be6 10. Be3 Nbd7 11. Bxg5 0-0-0 12. Nbd2 Bg7 13. Nxa5 Nc5 14. Bc4 h4 15. Be3 Bh6 16. Bxh6 Rxh6 17. Ke2 Kc7 18. Bxe6 Nxe6 19. Ke3 Rg6 20. Rhg1 Rdg8 21. g3 hxg3 22. hxg3 Rxg3 23. Rxg3 Rxg3 24. Nac4 Ng4+ 25. Kd3 Nf4+ 26. Kd4 e5+ 27. Kc5 b6+ 28. Kb4 c5+ 29. Kb5 Nf6 30. a5 bxa5 31. Rxa5 Ne6 32. Ra7+ Kb8 33. Rxf7 Ne8 34. Re7 N8c7+ 35. Kb6 Rg6 36. Nxe5 Rh6 37. Nc6+ Kc8 38. Nc4 Na8+ 39. Ka7 Nec7 40. N4a5 Rh8 41. e5 Nd5 42. Rg7 Nac7 43. Nc4 Nb5+ 44. Ka6 Nbc7+ 45. Ka5 Kb7 46. Ne7 Ra8# 0-1

[Event "Titled Tuesday intern op 11th Mar Late"]
[Site "Chess.com INT"]
[Date "2025.03.11"]
[Round "4"]
[White "Serban, Cristian Stefan"]
[Black "Kovalevsky, Stanislav"]
[Result "1-0"]
[WhiteElo "2332"]
[BlackElo "2098"]
[PlyCount "112"]
[EventDate "2025.03.11"]
[EventType "swiss (blitz)"]
[EventRounds "11"]
[EventCountry "USA"]
[SourceTitle "CB12_2025"]
[SourceDate "2025.03.19"]
[SourceVersion "1"]
[SourceVersionDate "2025.03.19"]
[SourceQuality "1"]

1. b3 d5 2. Bb2 c5 3. e3 Nc6 4. Nf3 Nf6 5. Bb5 a6 6. Bxc6+ bxc6 7. d3 g6 8. 0-0 Bg7 9. Nc3 0-0 10. Na4 c4 11. dxc4 dxc4 12. Qxd8 Rxd8 13. Nb6 Rb8 14. Nxc4 Bg4 15. Nfe5 Be2 16. Rfe1 Bxc4 17. Nxc4 Ne4 18. Bxg7 Kxg7 19. f3 Nc3 20. e4 Kf6 21. Re3 Nb5 22. a4 Nd4 23. Rc1 e5 24. Kf2 Ke6 25. Rd3 f6 26. Ke3 Rd7 27. Na5 Rbd8 28. Rc3 Rc8 29. Rc4 f5 30. c3 f4+ 31. Kf2 Nxf3 32. gxf3 Rd2+ 33. Kg1 c5 34. b4 Ra2 35. bxc5 Rd8 36. Nb3 Rd3 37. Rf1 Re3 38. Nc1 Rc2 39. c6 Rexc3 40. Rxc3 Rxc3 41. Rd1 Rxc6 42. Nd3 Rc3 43. Rd2 Ra3 44. Kf2 Kf6 45. Nc5 Kg5 46. Nd7 Rxa4 47. Nxe5 Kh4 48. Nd3 g5 49. e5 Rc4 50. e6 Rc7 51. Re2 Re7 52. Nb4 a5 53. Nd5 Re8 54. e7 a4 55. Nf6 a3 56. Nxe8 a2 1-0

[Event "Titled Tuesday intern op 25th Feb Early"]
[Site "Chess.com INT"]
[Date "2025.02.25"]
[Round "1"]
[White "Garcia Correa, Jose Ricardo"]
[Black "Serban, Cristian Stefan"]
[Result "0-1"]
[WhiteElo "2103"]
[BlackElo "2295"]
[PlyCount "84"]
[EventDate "2025.02.25"]
[EventType "swiss (blitz)"]
[EventRounds "11"]
[EventCountry "USA"]
[SourceTitle "CB10_2025"]
[SourceDate "2025.03.05"]
[SourceVersion "1"]
[SourceVersionDate "2025.03.05"]
[SourceQuality "1"]

1. e4 g6 2. d4 Bg7 3. Nc3 c6 4. Be3 d5 5. Qd2 dxe4 6. Nxe4 Nf6 7. Nxf6+ exf6 8. 0-0-0 0-0 9. h4 h5 10. f3 a5 11. Bh6 a4 12. a3 b5 13. Bxg7 Kxg7 14. g4 Qd5 15. gxh5 Qxh5 16. Bh3 Na6 17. Bg4 Bxg4 18. fxg4 Qd5 19. Ne2 Qa2 20. Nc3 Qa1+ 21. Nb1 b4 22. axb4 a3 23. bxa3 Nc7 24. Qc3 Qxc3 25. Nxc3 Rxa3 26. Kb2 Ra6 27. Ra1 Rb6 28. Kb3 Rfb8 29. Ra4 Ne6 30. Rd1 c5 31. Nd5 Rd6 32. c4 cxd4 33. Ra5 Rc6 34. h5 Nc5+ 35. Ka3 Nb7 36. Ra7 Rxc4 37. hxg6 Kxg6 38. Nb6 Rc3+ 39. Ka4 Nd6 40. Rxd4 Rxb6 41. Ka5 Nc8 42. Ra8 Ra3# 0-1

[Event "Titled Tuesday intern op 25th Feb Early"]
[Site "Chess.com INT"]
[Date "2025.02.25"]
[Round "3"]
[White "Serban, Cristian Stefan"]
[Black "Akopian, Robert"]
[Result "1-0"]
[WhiteElo "2295"]
[BlackElo "1838"]
[PlyCount "143"]
[EventDate "2025.02.25"]
[EventType "swiss (blitz)"]
[EventRounds "11"]
[EventCountry "USA"]
[SourceTitle "CB10_2025"]
[SourceDate "2025.03.05"]
[SourceVersion "1"]
[SourceVersionDate "2025.03.05"]
[SourceQuality "1"]

1. Nf3 Nf6 2. b3 g6 3. Bb2 Bg7 4. d4 0-0 5. e3 d6 6. Be2 e5 7. dxe5 Ng4 8. c4 Nc6 9. Nc3 Ngxe5 10. 0-0 Nxf3+ 11. Bxf3 Bd7 12. Qc2 a6 13. a3 Rb8 14. b4 Ne5 15. Be2 Bf5 16. Qd2 Be6 17. Ne4 f5 18. Ng3 Qh4 19. c5 Nc4 20. Bxc4 Bxc4 21. Rfc1 d5 22. Bxg7 Kxg7 23. Ne2 Bxe2 24. Qxe2 c6 25. Qb2+ Qf6 26. Qxf6+ Kxf6 27. a4 Ke6 28. Rab1 Kd7 29. b5 axb5 30. axb5 Rfe8 31. h4 Kc7 32. g3 Re4 33. Kg2 Ra4 34. Kf3 h6 35. Rb2 Rba8 36. bxc6 bxc6 37. Rcb1 R4a7 38. Rb6 Rd8 39. R1b4 Re8 40. Kf4 Re4+ 41. Rxe4 dxe4 42. h5 gxh5 43. Kxf5 Ra2 44. Kxe4 Rxf2 45. Ra6 Kb7 46. Ra1 Rg2 47. Kf4 Rc2 48. Ra5 Rc4+ 49. e4 Rc1 50. e5 Rf1+ 51. Ke4 Rg1 52. Ra3 Re1+ 53. Kf5 Rf1+ 54. Kg6 Re1 55. Kf6 Rf1+ 56. Ke7 Re1 57. e6 Re5 58. Kf6 Re1 59. e7 Rf1+ 60. Kg7 Re1 61. Kf8 Rf1+ 62. Ke8 Re1 63. Rf3 Ka6 64. Kf8 Kb5 65. e8Q Rxe8+ 66. Kxe8 Kxc5 67. Rf5+ Kd4 68. Rxh5 c5 69. Rxh6 c4 70. Rc6 Kd5 71. Rc8 Ke5 72. Rxc4 1-0

[Event "ROM-ch"]
[Site "Craiova"]
[Date "2025.02.23"]
[Round "9"]
[White "Serban, Cristian Stefan"]
[Black "Gavrilescu, David"]
[Result "1/2-1/2"]
[WhiteElo "2295"]
[BlackElo "2543"]
[PlyCount "26"]
[EventDate "2025.02.15"]
[EventType "swiss"]
[EventRounds "9"]
[EventCountry "ROU"]
[SourceTitle "CB09_2025"]
[SourceDate "2025.02.27"]
[SourceVersion "1"]
[SourceVersionDate "2025.02.27"]
[SourceQuality "1"]

1. d4 d5 2. c4 e6 3. Nf3 Nf6 4. g3 Bb4+ 5. Bd2 Be7 6. Bg2 0-0 7. 0-0 c6 8. Qc2 Nbd7 9. Rc1 a5 10. Bf4 Nh5 11. Bd2 Nhf6 12. Bf4 Nh5 13. Bd2 Nhf6 1/2-1/2

[Event "ROM-ch"]
[Site "Craiova"]
[Date "2025.02.21"]
[Round "7"]
[White "Magold, Filip"]
[Black "Serban, Cristian Stefan"]
[Result "1/2-1/2"]
[WhiteElo "2431"]
[BlackElo "2295"]
[PlyCount "109"]
[EventDate "2025.02.15"]
[EventType "swiss"]
[EventRounds "9"]
[EventCountry "ROU"]
[SourceTitle "CB09_2025"]
[SourceDate "2025.02.27"]
[SourceVersion "1"]
[SourceVersionDate "2025.02.27"]
[SourceQuality "1"]

1. e4 e5 2. Nf3 Nc6 3. Bb5 Nf6 4. d3 Bc5 5. 0-0 Nd4 6. Bc4 Nxf3+ 7. Qxf3 0-0 8. Bg5 Be7 9. c3 c6 10. Bb3 h6 11. Bh4 d6 12. d4 exd4 13. cxd4 Nxe4 14. Bxe7 Qxe7 15. Re1 d5 16. Nc3 Re8 17. Nxe4 dxe4 18. Qf4 Qf6 19. Qxf6 gxf6 20. f3 f5 21. Bc2 Rd8 22. Rad1 exf3 23. gxf3 Be6 24. Re5 Rd6 25. Bxf5 Bxf5 26. Rxf5 Rad8 27. Rf4 c5 28. Kf2 cxd4 29. Ke2 Re8+ 30. Re4 Rxe4+ 31. fxe4 Ra6 32. a3 Rb6 33. b4 Ra6 34. Rd3 Kg7 35. Kf3 Kf6 36. Kf4 Ke6 37. Rh3 h5 38. Rxh5 Rxa3 39. Re5+ Kf6 40. Rd5 d3 41. Ke3 Rb3 42. b5 d2+ 43. Kxd2 Rb2+ 44. Kc3 Rxh2 45. Rd7 Ke6 46. Rxb7 Ra2 47. Kd4 f6 48. Rc7 Rd2+ 49. Kc3 Ra2 50. Kd3 Ra1 51. Ke3 Ra2 52. Rc6+ Ke5 53. Rc5+ Ke6 54. Rc6+ Ke5 55. Rc5+ 1/2-1/2

[Event "ROM-ch"]
[Site "Craiova"]
[Date "2025.02.20"]
[Round "6"]
[White "Serban, Cristian Stefan"]
[Black "Ilinca Ilinca, Felix Antonio"]
[Result "1/2-1/2"]
[WhiteElo "2295"]
[BlackElo "2412"]
[PlyCount "50"]
[EventDate "2025.02.15"]
[EventType "swiss"]
[EventRounds "9"]
[EventCountry "ROU"]
[SourceTitle "CB09_2025"]
[SourceDate "2025.02.27"]
[SourceVersion "1"]
[SourceVersionDate "2025.02.27"]
[SourceQuality "1"]

1. d4 d5 2. c4 e6 3. Nf3 Nf6 4. g3 Bb4+ 5. Bd2 a5 6. Bg2 0-0 7. Qc2 c5 8. cxd5 cxd4 9. Nxd4 Qb6 10. e3 exd5 11. 0-0 Nc6 12. Nxc6 bxc6 13. Rc1 Rb8 14. Nc3 h5 15. Na4 Qd8 16. Bxb4 Rxb4 17. a3 Rc4 18. Qb3 Rxc1+ 19. Rxc1 h4 20. Nc5 Re8 21. Qa4 Qb6 22. b4 axb4 23. Qxb4 Qxb4 24. axb4 hxg3 25. hxg3 Bf5 1/2-1/2

[Event "ROM-ch"]
[Site "Craiova"]
[Date "2025.02.16"]
[Round "2"]
[White "Serban, Cristian Stefan"]
[Black "Tamas, Christian Arrydan"]
[Result "1-0"]
[WhiteElo "2295"]
[BlackElo "2016"]
[PlyCount "139"]
[EventDate "2025.02.15"]
[EventType "swiss"]
[EventRounds "9"]
[EventCountry "ROU"]
[SourceTitle "CB09_2025"]
[SourceDate "2025.02.27"]
[SourceVersion "1"]
[SourceVersionDate "2025.02.27"]
[SourceQuality "1"]

1. d4 Nf6 2. c4 e6 3. Nf3 d5 4. g3 Be7 5. Bg2 0-0 6. 0-0 dxc4 7. Qc2 b6 8. Ne5 Qxd4 9. Bxa8 Qxe5 10. Bf3 Nd5 11. Qxc4 Ba6 12. Qa4 c5 13. Na3 Qc7 14. Bd2 Qc6 15. Qc2 b5 16. Rac1 Rc8 17. Qb1 Qb6 18. Nc2 Nc6 19. Bg2 b4 20. Rfe1 c4 21. Ne3 Bc5 22. Nxd5 Bxf2+ 23. Kh1 exd5 24. Rf1 Ne5 25. Bxb4 Qh6 26. Qf5 Bxg3 27. Qh3 Bf4 28. Rcd1 Ng4 29. Qxh6 Bxh6 30. Bh3 Ne3 31. Bxc8 Bxc8 32. Bc5 Nxf1 33. Rxf1 a6 34. Kg1 f6 35. Rd1 Be6 36. e3 Kf7 37. Kf2 g6 38. Ke1 f5 39. Kd2 Bg7 40. Kc2 Be5 41. Bd4 Bc7 42. b3 g5 43. Kc3 Kg6 44. Rd2 h5 45. Kb4 h4 46. Kc5 g4 47. Kc6 Ba5 48. Rb2 c3 49. Rf2 f4 50. Rxf4 c2 51. Bb2 Bc3 52. Bc1 d4 53. exd4 g3 54. hxg3 hxg3 55. Rf3 Be1 56. Re3 Bf2 57. Rxe6+ Kf5 58. Re5+ Kg4 59. Rg5+ Kf3 60. d5 g2 61. Rxg2 Kxg2 62. d6 Bh4 63. d7 Kf3 64. Kc7 Ke2 65. d8Q Bxd8+ 66. Kxd8 Kd1 67. Bg5 c1Q 68. Bxc1 Kxc1 69. b4 Kb2 70. a4 1-0

[Event "ROM-chT"]
[Site "Mamaia"]
[Date "2024.10.05"]
[Round "8.3"]
[White "Serban, Cristian Stefan"]
[Black "Tamas, Christian Arrydan"]
[Result "1-0"]
[WhiteElo "2269"]
[BlackElo "2137"]
[PlyCount "107"]
[EventDate "2024.09.28"]
[EventType "team-tourn"]
[EventRounds "9"]
[EventCountry "ROU"]
[SourceTitle "EXT 2025"]
[Source "ChessBase"]
[SourceDate "2024.10.14"]
[SourceVersion "1"]
[SourceVersionDate "2024.10.14"]
[SourceQuality "1"]
[WhiteTeam "Ploiesti Univ"]
[BlackTeam "Pioni Romanesti"]
[WhiteTeamCountry "ROU"]
[BlackTeamCountry "ROU"]

1. Nf3 Nf6 2. c4 g6 3. Nc3 Bg7 4. e4 d6 5. d4 0-0 6. Be2 e5 7. 0-0 Nc6 8. d5 Ne7 9. b4 a5 10. bxa5 Rxa5 11. a4 Ne8 12. Nd2 Ra8 13. Nb3 c5 14. dxc6 bxc6 15. a5 f5 16. f3 Ba6 17. Ra2 Qc8 18. Na4 Qe6 19. Nb6 Ra7 20. c5 d5 21. Bxa6 Rxa6 22. exd5 cxd5 23. c6 Rxb6 24. axb6 Qxc6 25. Ba3 Qxb6+ 26. Bc5 Qd8 27. Bxe7 Qxe7 28. Qxd5+ Qf7 29. Qxf7+ Rxf7 30. Ra8 Re7 31. Na5 Kf7 32. Rd1 Rc7 33. Ra6 Bf6 34. Nc6 Ng7 35. Re1 Ne6 36. Nxe5+ Bxe5 37. Rxe5 Nf4 38. Rb5 Rc1+ 39. Kf2 Rc2+ 40. Kg3 Ne2+ 41. Kh4 Kg7 42. g4 Rc4 43. Rb7+ Kh6 44. Raa7 g5+ 45. Kh3 fxg4+ 46. fxg4 Nf4+ 47. Kg3 Rc3+ 48. Kf2 Rc2+ 49. Ke3 Rc3+ 50. Kd4 Rc2 51. Rxh7+ Kg6 52. Rhb7 Kf6 53. Rb6+ Ne6+ 54. Kd3 1-0

[Event "Titled Tuesday intern op 24th Sep Late"]
[Site "Chess.com INT"]
[Date "2024.09.24"]
[Round "4"]
[White "Serban, Cristian Stefan"]
[Black "Velikanov, Alexander"]
[Result "0-1"]
[WhiteElo "2269"]
[BlackElo "2387"]
[PlyCount "84"]
[EventDate "2024.09.24"]
[EventType "swiss (blitz)"]
[EventRounds "11"]
[EventCountry "USA"]
[SourceTitle "EXT 2025"]
[Source "ChessBase"]
[SourceDate "2024.10.14"]
[SourceVersion "1"]
[SourceVersionDate "2024.10.14"]
[SourceQuality "1"]

1. d4 Nf6 2. c4 g6 3. Nc3 Bg7 4. e4 d6 5. Nf3 0-0 6. Be2 Nc6 7. 0-0 Re8 8. d5 Nb4 9. a3 Na6 10. b4 e6 11. h3 exd5 12. exd5 Ne4 13. Nxe4 Bxa1 14. Bg5 f6 15. Qxa1 Rxe4 16. Bxf6 Qf8 17. Bd3 Re8 18. Ng5 c5 19. b5 Nc7 20. f4 Bf5 21. Bxf5 gxf5 22. Rf3 h6 23. Rg3 hxg5 24. Rxg5+ Kh7 25. Rh5+ Kg6 26. Rg5+ Kh7 27. Rg7+ Qxg7 28. Bxg7 Rg8 29. Bc3 Rae8 30. Qd1 Kh6 31. Bf6 Re4 32. Bg5+ Kg6 33. h4 Rh8 34. g4 Rxc4 35. gxf5+ Kxf5 36. Qd3+ Re4 37. Qh3+ Kg6 38. Qd7 Rhe8 39. Qxd6+ Kh5 40. f5 Kg4 41. Qg6 Re1+ 42. Kh2 R8e2# 0-1

[Event "Titled Tuesday intern op 17th Sep Early"]
[Site "Chess,com INT"]
[Date "2024.09.17"]
[Round "2"]
[White "Bluebaum, Matthias"]
[Black "Serban, Cristian Stefan"]
[Result "1/2-1/2"]
[WhiteElo "2640"]
[BlackElo "2269"]
[PlyCount "150"]
[EventDate "2024.09.17"]
[EventType "swiss (blitz)"]
[EventRounds "11"]
[EventCountry "USA"]
[SourceTitle "EXT 2025"]
[Source "ChessBase"]
[SourceDate "2024.10.14"]
[SourceVersion "1"]
[SourceVersionDate "2024.10.14"]
[SourceQuality "1"]

1. d4 Nf6 2. c4 e6 3. Nc3 Bb4 4. e3 0-0 5. Bd2 d5 6. Nf3 b6 7. cxd5 exd5 8. Rc1 Be7 9. Bd3 Bb7 10. 0-0 c5 11. Ne5 Nc6 12. a3 cxd4 13. Nxc6 Bxc6 14. exd4 Qd7 15. Qf3 Rfe8 16. Bf4 Bd6 17. Rfe1 Bxf4 18. Qxf4 Rxe1+ 19. Rxe1 Re8 20. Re5 Rxe5 21. dxe5 Ne4 22. Ne2 Nc5 23. Bf5 Qe7 24. Nd4 Bd7 25. h3 Bxf5 26. Nxf5 Qd7 27. Qg4 g6 28. Nh6+ Kg7 29. Qf4 Qe6 30. Ng4 Nd7 31. Qh6+ Kg8 32. Qg5 h5 33. Ne3 Nxe5 34. Qd8+ Kg7 35. Nxd5 Nc4 36. Nc7 Qe1+ 37. Kh2 Qe5+ 38. g3 Qxb2 39. Ne8+ Kh6 40. Kg2 Qd2 41. Qf6 Ne3+ 42. Kh2 Nf5 43. Kg2 Qd5+ 44. Kg1 Qd1+ 45. Kh2 Qd2 46. Qh8+ Kg5 47. Kg2 Qd5+ 48. Kh2 Qd2 49. h4+ Kg4 50. Nf6+ Kf3 51. Qa8+ Ke2 52. Qxa7 Qd4 53. Qa6+ Ke1 54. Ne4 Qxe4 55. Qxb6 Qe2 56. Kg1 Qf1+ 57. Kh2 Qxf2+ 58. Qxf2+ Kxf2 59. a4 Nd6 60. a5 Nb5 61. a6 Kf3 62. Kh3 Kf2 63. Kh2 f5 64. Kh3 Kf3 65. Kh2 Ke4 66. Kg2 Kd5 67. Kf3 Kc6 68. Kf4 Nc7 69. Kg5 Ne6+ 70. Kxg6 f4 71. gxf4 Nxf4+ 72. Kg5 Ng2 73. a7 Kb7 74. Kxh5 Nxh4 75. a8R Kxa8 1/2-1/2